[Event "Junior Online 4NCL Division 2"]
[Site "online"]
[Date "2020.04.16"]
[Round "1.53"]
[White "Mehta, Shaurya"]
[Black "Morrison, Joseph"]
[Result "1-0"]
[WhiteElo "1615"]
[BlackElo "1465"]
[PlyCount "63"]
[EventDate "2020.04.16"]
[WhiteTeam "KJCA Young Kestrels B"]
[BlackTeam "Surbiton Juniors A"]

1. e4 d5 2. exd5 Nf6 3. Nf3 Nxd5 4. h3 c5 5. Bc4 e6 6. O-O Be7 7. Re1 O-O 8. c3
Nc6 9. d4 cxd4 10. Nxd4 Nxd4 11. cxd4 Bf6 12. Nc3 Nb6 13. Bb3 Qxd4 14. Be3 Qxd1
15. Raxd1 Bd7 16. Bxb6 Bxc3 17. bxc3 Bb5 18. Bd4 a5 19. a4 Bc6 20. Rd3 Rad8 21.
Rg3 g6 22. Bf6 Rd2 23. h4 b5 24. axb5 Bxb5 25. c4 Bc6 26. Ra1 a4 27. Bxa4 Ra8
28. Rga3 Ra7 29. Bxc6 Rxa3 30. Rxa3 h5 31. Ra8+ Kh7 32. Rh8# 1-0

[Event "Junior Online 4NCL Division 2"]
[Site "online"]
[Date "2020.04.16"]
[Round "1.54"]
[White "Pirgon, Joshua"]
[Black "Sagar, Aneesh"]
[Result "1-0"]
[WhiteElo "1112"]
[BlackElo "1607"]
[PlyCount "49"]
[EventDate "2020.04.16"]
[WhiteTeam "Surbiton Juniors A"]
[BlackTeam "KJCA Young Kestrels B"]

1. e4 e5 2. Nf3 Nc6 3. Bc4 Bc5 4. c3 Nf6 5. d3 O-O 6. Nbd2 d5 7. exd5 Nxd5 8.
O-O Nb6 9. Re1 Bd6 10. Bb3 Bd7 11. Ne4 Qe7 12. Bg5 Qe8 13. Qd2 Bf5 14. a4 Bxe4
15. dxe4 Nd7 16. Nh4 Nc5 17. Ba2 Be7 18. Nf5 Ne6 19. Be3 Bd6 20. Qe2 Ne7 21.
Qg4 Nxf5 22. exf5 Nc5 23. Bh6 g6 24. fxg6 hxg6 25. Qxg6+ 1-0

[Event "Junior Online 4NCL Division 2"]
[Site "online"]
[Date "2020.04.16"]
[Round "1.55"]
[White "Sturge, Sam"]
[Black "Ratnesan, Radha"]
[Result "0-1"]
[WhiteElo "1660"]
[BlackElo "1697"]
[PlyCount "65"]
[EventDate "2020.04.16"]
[WhiteTeam "Surbiton Juniors A"]
[BlackTeam "KJCA Young Kestrels B"]

1. e4 e6 2. d4 d5 3. e5 c5 4. c3 Nc6 5. Nf3 Bd7 6. a3 Nge7 7. Bd3 Ng6 8. Bg5
Be7 9. Bxe7 Ngxe7 10. O-O Qb6 11. dxc5 Qxb2 12. Nbd2 Qxc3 13. Nb3 Na5 14. Nfd4
Nxb3 15. Nxb3 Qxe5 16. Re1 Qf6 17. Re3 Nc6 18. Rb1 O-O 19. Rh3 h6 20. Qg4 Rad8
21. Rf3 Qe7 22. Rh3 e5 23. Bf5 Bxf5 24. Qxf5 Qd7 25. Qd3 e4 26. Qg3 Qe6 27. Rd1
d4 28. Re1 d3 29. f4 d2 30. Rd1 Rfe8 31. Qe3 Rd3 32. Qf2 e3 33. Qxd2 0-1

[Event "Junior Online 4NCL Division 2"]
[Site "online"]
[Date "2020.04.16"]
[Round "1.56"]
[White "Chaban, Roxolana"]
[Black "Jonikas, Augustas"]
[Result "1-0"]
[WhiteElo "1690"]
[BlackElo "1540"]
[PlyCount "117"]
[EventDate "2020.04.16"]
[WhiteTeam "KJCA Young Kestrels B"]
[BlackTeam "Surbiton Juniors A"]

1. e4 e5 2. Nf3 Nc6 3. Bc4 Bc5 4. c3 d6 5. d4 exd4 6. cxd4 Bb4+ 7. Bd2 Bxd2+ 8.
Nbxd2 Bd7 9. O-O Nf6 10. Rc1 O-O 11. Re1 Re8 12. h3 a6 13. e5 dxe5 14. Nxe5 Re7
15. Ndf3 b5 16. Bxf7+ Rxf7 17. Nxc6 Bxc6 18. Rxc6 Rd7 19. Qd2 Nd5 20. Ne5 Rd6
21. Rxd6 Qxd6 22. Rc1 Rc8 23. Rc6 Qe7 24. Rxa6 c5 25. dxc5 Qxe5 26. Rd6 Rxc5
27. Rd7 Rc7 28. Qxd5+ Qxd5 29. Rxd5 Rb7 30. Kf1 Kf7 31. Ke2 Ke6 32. Rd1 Rc7 33.
Kd3 Rd7+ 34. Kc2 Rc7+ 35. Kb3 Ke5 36. a3 h5 37. f3 g5 38. Rd2 Kf4 39. Kb4 Rb7
40. Rd5 h4 41. Rxb5 Rxb5+ 42. Kxb5 Kg3 43. a4 Kxg2 44. a5 Kxh3 45. a6 Kg3 46.
a7 h3 47. a8=Q h2 48. Qb8+ Kh3 49. Qh8+ Kg2 50. Kc4 h1=Q 51. Qxh1+ Kxh1 52. Kd4
Kg2 53. Ke4 Kf2 54. b4 Kg3 55. b5 g4 56. fxg4 Kxg4 57. b6 Kg5 58. b7 Kf6 59.
b8=Q 1-0

[Event "Junior Online 4NCL Division 2"]
[Site "online"]
[Date "2020.04.16"]
[Round "1.57"]
[White "Morrison, Joseph"]
[Black "Mehta, Shaurya"]
[Result "1-0"]
[WhiteElo "1465"]
[BlackElo "1615"]
[PlyCount "143"]
[EventDate "2020.04.16"]
[WhiteTeam "Surbiton Juniors A"]
[BlackTeam "KJCA Young Kestrels B"]

1. c4 e5 2. Nc3 Nc6 3. g3 Bc5 4. Bg2 h6 5. e3 Nf6 6. Nge2 d6 7. a3 a5 8. O-O
O-O 9. d4 exd4 10. exd4 Bb6 11. Be3 Re8 12. Nf4 Bg4 13. Qd3 Rb8 14. Ncd5 Nxd5
15. Nxd5 Ba7 16. h3 Bh5 17. Be4 Ne7 18. Nxe7+ Qxe7 19. Bh7+ Kh8 20. g4 g6 21.
gxh5 Kxh7 22. Kh2 Qh4 23. hxg6+ fxg6 24. Rg1 Re6 25. Rg4 Qh5 26. d5 Rf6 27.
Bxa7 Rbf8 28. Be3 Rf3 29. Rg3 Rxg3 30. fxg3 Qe5 31. Bd4 Qg5 32. Qe3 Qf5 33. Rg1
c5 34. Bc3 Kg8 35. Qe6+ Qxe6 36. dxe6 Rf2+ 37. Rg2 Rf5 38. Re2 Kf8 39. e7+ Ke8
40. Bxa5 Rf3 41. Bd8 Rb3 42. h4 Rf3 43. Kg2 Rb3 44. Rf2 Kd7 45. Re2 Ke8 46. Rf2
Kd7 47. Kh3 b6 48. Rf8 Re3 49. e8=Q+ Rxe8 50. Rxe8 Kxe8 51. Bxb6 Kd7 52. a4 Kc6
53. a5 Kb7 54. Kg4 Kc6 55. h5 g5 56. Kf5 d5 57. cxd5+ Kxd5 58. a6 Kc6 59. Bxc5
g4 60. Kxg4 Kc7 61. a7 Kb7 62. Kf5 Ka8 63. Kg6 Kb7 64. Kxh6 Ka8 65. Kg6 Kb7 66.
h6 Kc6 67. a8=Q+ Kd7 68. h7 Ke6 69. h8=R Kd7 70. Qa6 Kc7 71. Rh7+ Kb8 72. Qb7#
1-0

[Event "Junior Online 4NCL Division 2"]
[Site "online"]
[Date "2020.04.16"]
[Round "1.58"]
[White "Sagar, Aneesh"]
[Black "Pirgon, Joshua"]
[Result "0-1"]
[WhiteElo "1607"]
[BlackElo "1112"]
[PlyCount "122"]
[EventDate "2020.04.16"]
[WhiteTeam "KJCA Young Kestrels B"]
[BlackTeam "Surbiton Juniors A"]

1. e4 e6 2. d4 d5 3. e5 c5 4. c3 Nc6 5. Nf3 Nge7 6. Bb5 Bd7 7. O-O cxd4 8. cxd4
Nxe5 9. dxe5 Bxb5 10. Re1 h6 11. Nc3 Bd7 12. Qb3 Qc7 13. Nd4 Nc6 14. Ncb5 Qb6
15. Be3 Nxd4 16. Nxd4 Bc5 17. Qxb6 Bxb6 18. Nc2 Ke7 19. Bxb6 axb6 20. Nd4 Rhc8
21. a3 Rc4 22. Red1 g5 23. Rac1 b5 24. f3 f6 25. exf6+ Kxf6 26. Rc3 Rxc3 27.
bxc3 Rxa3 28. Ne2 Ra2 29. Kf2 b4 30. cxb4 Bb5 31. Re1 d4 32. Rd1 Rxe2+ 33. Kg3
d3 34. h3 Rc2 35. f4 Rb2 36. fxg5+ hxg5 37. Rf1+ Kg6 38. Re1 Bc4 39. Rd1 Rxb4
40. Kf3 Rb2 41. g3 b5 42. Ke3 Re2+ 43. Kd4 Rh2 44. h4 gxh4 45. gxh4 Rxh4+ 46.
Kc3 Kf5 47. Rf1+ Ke5 48. Rf8 Rh2 49. Rf1 Rc2+ 50. Kb4 d2 51. Rg1 Rc1 52. Rxc1
dxc1=Q 53. Kc5 Bd5+ 54. Kb6 Qc6+ 55. Ka5 Qc8 56. Kb4 Kd4 57. Ka5 b4 58. Ka4 b3
59. Kb5 b2 60. Kb6 b1=R+ 61. Ka5 Qa8# 0-1

[Event "Junior Online 4NCL Division 2"]
[Site "online"]
[Date "2020.04.16"]
[Round "1.61"]
[White "Shek, Daniel"]
[Black "Pal, Rohan"]
[Result "1/2-1/2"]
[WhiteElo "1727"]
[BlackElo "1772"]
[PlyCount "144"]
[EventDate "2020.04.16"]
[WhiteTeam "Marshall Artists"]
[BlackTeam "Hallfield School A"]

1. d4 d5 2. Bf4 Nf6 3. e3 e6 4. Nd2 Bd6 5. Bg3 c5 6. c3 Qc7 7. Ngf3 Nbd7 8. Be2
O-O 9. Bd3 e5 10. dxe5 Nxe5 11. Nxe5 Bxe5 12. Nf3 Bd6 13. Bc2 Re8 14. Bxd6 Qxd6
15. O-O Bg4 16. h3 Bh5 17. Bd3 Qe7 18. Be2 Rad8 19. Qa4 Qc7 20. Rfd1 Ne4 21.
Qc2 f5 22. Ne1 Bxe2 23. Qxe2 f4 24. Nc2 Kh8 25. Qf3 fxe3 26. Nxe3 Qe5 27. Ng4
Qg5 28. Qe3 Qg6 29. f3 Nf6 30. Qxc5 Nxg4 31. hxg4 Qc2 32. Rxd5 Rc8 33. Qd4 Qxb2
34. Rd1 Qxc3 35. Qxc3 Rxc3 36. Rd8 Rc8 37. R8d7 Rb8 38. Rb1 h6 39. Rbxb7 Rxb7
40. Rxb7 Ra8 41. Kf2 a5 42. a4 Rc8 43. Rb5 Ra8 44. Ke3 Kh7 45. Kd4 Kg6 46. Kc5
Kg5 47. Kb6+ Kf4 48. Rxa5 Re8 49. Rf5+ Kg3 50. a5 Kxg2 51. a6 Re6+ 52. Kb5 Re7
53. Ka5 Kg3 54. Rb5 Kxf3 55. Rb7 Re2 56. a7 Ra2+ 57. Kb6 Kxg4 58. Kc7 h5 59.
Kb8 h4 60. a8=Q Rxa8+ 61. Kxa8 Kh3 62. Rxg7 Kh2 63. Kb7 h3 64. Kc6 Kh1 65. Kd5
h2 66. Ra7 Kg2 67. Ra2+ Kh1 68. Ke4 Kg1 69. Ra1+ Kg2 70. Ra2+ Kg1 71. Ra1+ Kg2
72. Ra2+ Kg1 1/2-1/2

[Event "Junior Online 4NCL Division 2"]
[Site "online"]
[Date "2020.04.16"]
[Round "1.62"]
[White "Monga, Kanav"]
[Black "Hamilton, Melissa"]
[Result "1-0"]
[WhiteElo "1645"]
[BlackElo "1667"]
[PlyCount "121"]
[EventDate "2020.04.16"]
[WhiteTeam "Hallfield School A"]
[BlackTeam "Marshall Artists"]

1. d4 d5 2. Bf4 Nc6 3. e3 Nf6 4. c4 e6 5. Nf3 Be7 6. Nc3 O-O 7. Bd3 Nb4 8. Be2
a6 9. a3 Nc6 10. O-O Re8 11. Bd3 dxc4 12. Bxc4 Nd5 13. Nxd5 exd5 14. Bd3 Bf6
15. Qc2 h6 16. Rfc1 Bg4 17. Nd2 Qd7 18. h3 Be6 19. Nb3 Be7 20. Nc5 Qc8 21. b4
Rd8 22. b5 axb5 23. Bxb5 Na7 24. Ba4 c6 25. Rab1 Bxc5 26. Qxc5 Bf5 27. Rb2 Qd7
28. Qb6 Qe7 29. Qxb7 Qxa3 30. Bxc6 Nxc6 31. Rxc6 Ra7 32. Qb6 Qa1+ 33. Kh2 Rda8
34. Rc5 Qf1 35. Rxd5 Be4 36. Rd8+ Kh7 37. f3 Bf5 38. Rxa8 Rxa8 39. Qb7 Ra1 40.
Qxf7 Qg1+ 41. Kg3 Qe1+ 42. Rf2 Bg6 43. Qc4 Rd1 44. Qe2 Qxe2 45. Rxe2 Rc1 46. e4
Rd1 47. d5 Rd3 48. d6 Bf7 49. Re3 Rd1 50. e5 Be6 51. Rc3 Kg8 52. Rc7 g5 53. Be3
Rd3 54. Re7 Bf5 55. Bc5 h5 56. e6 h4+ 57. Kh2 Bg6 58. d7 Kf8 59. Re8+ Kg7 60.
d8=Q Rxd8 61. Rxd8 1-0

[Event "Junior Online 4NCL Division 2"]
[Site "online"]
[Date "2020.04.16"]
[Round "1.63"]
[White "Blin, Sophia"]
[Black "Amir, Zain"]
[Result "0-1"]
[WhiteElo "1292"]
[BlackElo "1562"]
[PlyCount "98"]
[EventDate "2020.04.16"]
[WhiteTeam "Marshall Artists"]
[BlackTeam "Hallfield School A"]

1. e4 Nc6 2. Nf3 d6 3. Bc4 Bg4 4. h3 Bh5 5. g4 Bg6 6. Nc3 Nf6 7. d3 h6 8. Be3
e6 9. Bb5 a6 10. Bxc6+ bxc6 11. e5 Nd5 12. Nxd5 cxd5 13. exd6 Bxd6 14. Qd2 Qe7
15. O-O-O Rb8 16. Bd4 O-O 17. h4 Ba3 18. Rde1 Bb4 19. Qd1 Bxe1 20. Qxe1 c5 21.
Be5 Rb5 22. h5 Bh7 23. Kd1 d4 24. Kc1 Qb7 25. b3 Qxf3 26. Rg1 Qd5 27. c4 dxc3
28. Qxc3 f6 29. Bf4 Qf3 30. Qd2 Rd8 31. Rg3 Qh1+ 32. Qd1 Qxd1+ 33. Kxd1 Rxd3+
34. Ke2 Rxg3 35. fxg3 Rb7 36. Kf3 Rd7 37. Ke3 Rd3+ 38. Ke2 Rd5 39. Be3 Bb1 40.
a4 Bc2 41. Kf3 Bxb3 42. a5 Bd1+ 43. Kf4 c4 44. Ke4 Rxa5 45. Kd4 Bxg4 46. Kxc4
Bxh5 47. Kd4 Rd5+ 48. Ke4 Bg6+ 49. Kf4 a5 0-1

[Event "Junior Online 4NCL Division 2"]
[Site "online"]
[Date "2020.04.16"]
[Round "1.64"]
[White "Pasha, Farhaan"]
[Black "Blin, Henri"]
[Result "0-1"]
[WhiteElo "1382"]
[BlackElo "1232"]
[PlyCount "86"]
[EventDate "2020.04.16"]
[WhiteTeam "Hallfield School A"]
[BlackTeam "Marshall Artists"]

1. e4 e5 2. Nf3 Nc6 3. Bc4 Bc5 4. d3 Nf6 5. Nc3 h6 6. Be3 Bb6 7. Qd2 d6 8. h3
Be6 9. Bb3 d5 10. exd5 Nxd5 11. Nxd5 Bxd5 12. Bxb6 axb6 13. Qe3 Bxb3 14. cxb3
f6 15. O-O O-O 16. Rfc1 Nb4 17. Rd1 Nc2 18. Qe4 Nxa1 19. Rxa1 Ra7 20. Qc4+ Kh8
21. Nh4 Kh7 22. Qe4+ Kg8 23. Ng6 Re8 24. a4 b5 25. Rd1 bxa4 26. bxa4 Qd4 27.
Nh4 Qxe4 28. dxe4 Rxa4 29. Re1 Rd8 30. Nf3 Ra2 31. Re2 Rd1+ 32. Kh2 Kf7 33. g4
Rb1 34. Rd2 Rbxb2 35. Rd7+ Kg8 36. Rxc7 Rxf2+ 37. Kg3 Ra3 38. Rxb7 Raxf3+ 39.
Kh4 Kh7 40. Re7 Kg8 41. Re8+ Kf7 42. Rh8 g5+ 43. Kh5 Rxh3# 0-1

[Event "Junior Online 4NCL Division 2"]
[Site "online"]
[Date "2020.04.16"]
[Round "1.65"]
[White "Pal, Rohan"]
[Black "Shek, Daniel"]
[Result "1-0"]
[WhiteElo "1772"]
[BlackElo "1727"]
[PlyCount "53"]
[EventDate "2020.04.16"]
[WhiteTeam "Hallfield School A"]
[BlackTeam "Marshall Artists"]

1. e4 c5 2. Nf3 Nc6 3. d4 cxd4 4. Nxd4 e6 5. Nc3 Bb4 6. Be3 Bxc3+ 7. bxc3 Nge7
8. Bd3 Ng6 9. O-O O-O 10. f4 d5 11. e5 Nge7 12. Rf3 Nxd4 13. cxd4 Nf5 14. Bxf5
exf5 15. Rh3 f6 16. Qh5 h6 17. Rf1 Qe7 18. Rff3 Qf7 19. Qh4 fxe5 20. dxe5 Be6
21. Rfg3 Kh7 22. Rg5 Rad8 23. Rh5 Kg8 24. Qg5 Kh8 25. Rxh6+ gxh6 26. Qxh6+ Kg8
27. Qh8# 1-0

[Event "Junior Online 4NCL Division 2"]
[Site "online"]
[Date "2020.04.16"]
[Round "1.66"]
[White "Hamilton, Melissa"]
[Black "Monga, Kanav"]
[Result "1-0"]
[WhiteElo "1667"]
[BlackElo "1645"]
[PlyCount "45"]
[EventDate "2020.04.16"]
[WhiteTeam "Marshall Artists"]
[BlackTeam "Hallfield School A"]

1. d4 d5 2. c4 e6 3. Nc3 Nf6 4. e3 g6 5. Bd2 Bg7 6. Nf3 O-O 7. Be2 c6 8. O-O
Nbd7 9. Rc1 b6 10. Qb3 Bb7 11. cxd5 cxd5 12. Nb5 Ba6 13. Bb4 Bxb5 14. Bxb5 Re8
15. Ne5 a6 16. Bc6 Rc8 17. Qa4 b5 18. Qxa6 Nb8 19. Qxb5 Nxc6 20. Nxc6 Qd7 21.
Ne7+ Rxe7 22. Qxd7 Rxd7 23. Rxc8+ 1-0

[Event "Junior Online 4NCL Division 2"]
[Site "online"]
[Date "2020.04.16"]
[Round "1.67"]
[White "Amir, Zain"]
[Black "Blin, Sophia"]
[Result "1-0"]
[WhiteElo "1562"]
[BlackElo "1292"]
[PlyCount "67"]
[EventDate "2020.04.16"]
[WhiteTeam "Hallfield School A"]
[BlackTeam "Marshall Artists"]

1. c4 c5 2. Nc3 Nf6 3. g3 e5 4. Bg2 g6 5. e3 Bg7 6. Nge2 O-O 7. O-O d6 8. d3
Bg4 9. h3 Bxe2 10. Qxe2 Nc6 11. Bd2 Nb4 12. a3 Nc6 13. Kh2 a5 14. Nb5 d5 15.
cxd5 Na7 16. Nxa7 Rxa7 17. Rac1 b6 18. e4 a4 19. Bc3 Nd7 20. Bd2 Nf6 21. f4
exf4 22. Bxf4 Nh5 23. Rb1 Nxf4 24. Rxf4 Be5 25. Rf3 Bg7 26. h4 Re7 27. Qc2 Re5
28. Qxa4 Rh5 29. Bh3 Re5 30. Qb3 Qd6 31. Rbf1 Re7 32. Kg2 Bh6 33. Rf6 Qd7 34.
Bxd7 1-0

[Event "Junior Online 4NCL Division 2"]
[Site "online"]
[Date "2020.04.16"]
[Round "1.68"]
[White "Blin, Henri"]
[Black "Pasha, Farhaan"]
[Result "1-0"]
[WhiteElo "1232"]
[BlackElo "1382"]
[PlyCount "127"]
[EventDate "2020.04.16"]
[WhiteTeam "Marshall Artists"]
[BlackTeam "Hallfield School A"]

1. e4 e5 2. Nf3 Nc6 3. d4 d5 4. exd5 Qxd5 5. Nc3 Qe6 6. d5 Qf5 7. dxc6 Nf6 8.
cxb7 Bxb7 9. Bd3 e4 10. Bb5+ c6 11. Nd4 Qe5 12. Nxc6 Bxc6 13. Bxc6+ Ke7 14.
Bxa8 Qf5 15. Bc6 Ng4 16. Be3 Qe6 17. Nd5+ Kd8 18. Nf4+ Qd6 19. Qxd6+ Bxd6 20.
Rd1 Kc7 21. Bxe4 g5 22. Nd3 Nf6 23. Bd4 Be7 24. Bf3 Re8 25. O-O h5 26. Bxf6
Bxf6 27. Bxh5 Bxb2 28. Nxb2 Rf8 29. Rfe1 f5 30. Re5 g4 31. Bg6 f4 32. Rf5 Rg8
33. Bh5 a6 34. Rxf4 g3 35. hxg3 Kb6 36. Nc4+ Kb7 37. Rf6 Rg7 38. Rf7+ Rxf7 39.
Bxf7 Kc6 40. Na5+ Kb5 41. g4 Kxa5 42. g5 Kb4 43. Bc4 a5 44. g6 a4 45. Bb5 a3
46. g7 Kc3 47. Rd3+ Kxc2 48. Rd4 Kb2 49. g8=Q Kc3 50. Qc4+ Kb2 51. Qb3+ Kc1 52.
Qc3+ Kb1 53. Rd1+ Kxa2 54. Qa1+ Kb3 55. Rd3+ Kb4 56. Qxa3+ Kxb5 57. Rg3 Kc6 58.
Qf8 Kd5 59. Qh6 Kc4 60. Qh4+ Kc5 61. Rg5+ Kd6 62. Qh6+ Ke7 63. Rg7+ Kf8 64.
Qh8# 1-0

[Event "Junior Online 4NCL Division 2"]
[Site "online"]
[Date "2020.04.16"]
[Round "1.71"]
[White "Maton, Emily"]
[Black "Dicen, Imogen"]
[Result "0-1"]
[WhiteElo "1675"]
[BlackElo "1847"]
[PlyCount "126"]
[EventDate "2020.04.16"]
[WhiteTeam "St Albans Early Knights 1"]
[BlackTeam "Warwickshire Bears A"]

1. g3 Nf6 2. c4 g6 3. Bg2 Bg7 4. Nc3 O-O 5. d4 d6 6. Nf3 Nc6 7. O-O Bf5 8. a3
Re8 9. b4 a6 10. Bb2 e5 11. dxe5 dxe5 12. Qxd8 Raxd8 13. Rad1 Bd7 14. Nd5 Nxd5
15. cxd5 Na7 16. e4 Nb5 17. Rfe1 Nd6 18. Rc1 Rc8 19. Nd2 Bb5 20. Nb3 Nc4 21.
Rc2 Nxb2 22. Rxb2 f5 23. Rd2 Kf7 24. Nc5 b6 25. Nd3 Rcd8 26. f4 exf4 27. Nxf4
Bc3 28. Rdd1 Bxe1 29. Rxe1 fxe4 30. Bxe4 c6 31. Ne6 Rd6 32. Ng5+ Kg8 33. dxc6
Kg7 34. Rc1 h6 35. c7 Bd7 36. Bb7 Bc8 37. Bxc8 Rxc8 38. Ne4 Re6 39. Nd2 Kh7 40.
Nf3 b5 41. Nd4 Rd6 42. Nb3 Rd7 43. Rc6 Rcxc7 44. Rxa6 Ra7 45. Rxa7 Rxa7 46. Na5
Rc7 47. Kf2 Rc3 48. Ke2 Rxa3 49. Kd2 Ra2+ 50. Kc3 Rxh2 51. Kd4 Rh5 52. Nc6 Rg5
53. g4 Rxg4+ 54. Kc5 Rg5+ 55. Kb6 h5 56. Nd4 h4 57. Nf3 Rh5 58. Nd4 h3 59. Nxb5
Rxb5+ 60. Kxb5 h2 61. Ka6 h1=Q 62. b5 Qa8+ 63. Kb6 g5 0-1

[Event "Junior Online 4NCL Division 2"]
[Site "online"]
[Date "2020.04.16"]
[Round "1.72"]
[White "Wong, Tristan"]
[Black "Ball, Charlie"]
[Result "1/2-1/2"]
[WhiteElo "1705"]
[BlackElo "1540"]
[PlyCount "44"]
[EventDate "2020.04.16"]
[WhiteTeam "Warwickshire Bears A"]
[BlackTeam "St Albans Early Knights 1"]

1. d4 Nf6 2. Bf4 d5 3. Nc3 a6 4. e3 e6 5. Bd3 c5 6. Nf3 Qb6 7. a3 Bd7 8. Qc1 c4
9. Be2 Qd8 10. O-O b5 11. e4 dxe4 12. Ne5 Bc6 13. Qe3 Bd6 14. Nxc6 Nxc6 15.
Bxd6 Qxd6 16. Rad1 Ng4 17. Bxg4 f5 18. Be2 O-O-O 19. d5 exd5 20. Rxd5 Qf6 21.
Rfd1 Rxd5 22. Nxd5 Qe5 1/2-1/2

[Event "Junior Online 4NCL Division 2"]
[Site "online"]
[Date "2020.04.16"]
[Round "1.73"]
[White "Ball, Katie C"]
[Black "Dicen, Elis Denele"]
[Result "1-0"]
[WhiteElo "1525"]
[BlackElo "1697"]
[PlyCount "157"]
[EventDate "2020.04.16"]
[WhiteTeam "St Albans Early Knights 1"]
[BlackTeam "Warwickshire Bears A"]

1. d4 e6 2. Bf4 d5 3. Nf3 Bd6 4. Bg3 Nf6 5. e3 O-O 6. Bd3 Nbd7 7. Nbd2 Qe7 8.
O-O b6 9. c3 Bb7 10. Ne5 c5 11. f4 cxd4 12. exd4 Ne4 13. Qe1 f5 14. Rf3 Bxe5
15. fxe5 Rac8 16. Bh4 Qe8 17. Rh3 h6 18. Kh1 Qf7 19. Qe2 Rfe8 20. Rg1 Nf8 21.
g4 Ng6 22. Bg3 Bc6 23. Rf1 Rf8 24. gxf5 exf5 25. Nxe4 dxe4 26. Bc4 Bd5 27. Bxd5
Qxd5 28. Qh5 Rc6 29. Rg1 e3+ 30. Rg2 f4 31. Be1 Qe4 32. Qf3 Qxf3 33. Rxf3 Kh7
34. Rg4 Rc7 35. h4 Rf5 36. Kh2 Rd7 37. Kh1 a6 38. Bg3 e2 39. Be1 Re7 40. Rf2 f3
41. Rg3 Nxh4 42. Kh2 g5 43. Kh3 Kh8 44. Kg4 Rf4+ 45. Kh3 Kh7 46. Rg4 Rxg4 47.
Kxg4 Ng2 48. Bd2 e1=Q 49. Bxe1 Nxe1 50. Kf5 Kg7 51. Ke4 Ng2 52. Rxf3 Nf4 53.
Re3 Kf7 54. d5 Ng6 55. Kd4 Nf4 56. c4 Ke8 57. e6 Kd8 58. Ke5 h5 59. Kf6 h4 60.
d6 Rh7 61. e7+ Ke8 62. d7+ Kxd7 63. e8=Q+ Kc7 64. Re7+ Rxe7 65. Qxe7+ Kc6 66.
Kxg5 Nd3 67. Qe4+ Kc5 68. Qxd3 Kc6 69. Kxh4 Kb7 70. Qd5+ Ka7 71. Qd7+ Ka8 72.
Kg5 b5 73. cxb5 a5 74. Kf6 a4 75. Ke6 a3 76. bxa3 Kb8 77. Kd6 Ka8 78. Kc6 Kb8
79. Qb7# 1-0

[Event "Junior Online 4NCL Division 2"]
[Site "online"]
[Date "2020.04.16"]
[Round "1.74"]
[White "Fellowes, Billy"]
[Black "Petcov, Andreas"]
[Result "1-0"]
[WhiteElo "1592"]
[BlackElo "1442"]
[PlyCount "83"]
[EventDate "2020.04.16"]
[WhiteTeam "Warwickshire Bears A"]
[BlackTeam "St Albans Early Knights 1"]

1. d4 d5 2. Bf4 Nc6 3. Nf3 Bg4 4. Nc3 Nf6 5. h3 Bh5 6. e3 e6 7. Bb5 a6 8. Ba4
b5 9. Bb3 a5 10. Nxb5 Bb4+ 11. c3 Be7 12. Nxc7+ Kd7 13. Nxa8 Qxa8 14. Ba4 Rd8
15. Bxc6+ Qxc6 16. Ne5+ Kc7 17. Nxc6+ Kxc6 18. Qa4+ Kb6 19. b4 axb4 20. cxb4
Ne4 21. Qa5+ Kc6 22. b5+ Kd7 23. Qa6 Ke8 24. b6 Bd6 25. Bxd6 Nxd6 26. b7 Nxb7
27. Qxb7 Kf8 28. a4 Kg8 29. a5 h6 30. a6 g5 31. a7 Kg7 32. a8=Q Rxa8 33. Rxa8
Kg6 34. Rg8+ Kf6 35. Qc8 Kf5 36. g4+ Bxg4 37. hxg4+ Kxg4 38. Rxh6 Kf3 39. Kf1
g4 40. Qc7 e5 41. Qxe5 f6 42. Rxf6# 1-0

[Event "Junior Online 4NCL Division 2"]
[Site "online"]
[Date "2020.04.16"]
[Round "1.75"]
[White "Dicen, Imogen"]
[Black "Maton, Emily"]
[Result "1-0"]
[WhiteElo "1847"]
[BlackElo "1675"]
[PlyCount "151"]
[EventDate "2020.04.16"]
[WhiteTeam "Warwickshire Bears A"]
[BlackTeam "St Albans Early Knights 1"]

1. d4 d5 2. c4 c6 3. Nc3 Nf6 4. Bf4 g6 5. Nf3 Bg7 6. e3 Nbd7 7. cxd5 cxd5 8.
Bd3 O-O 9. O-O a6 10. Qb3 e6 11. Rac1 Qb6 12. Qc2 Qd8 13. Na4 b5 14. Nc5 Qb6
15. Nxd7 Bxd7 16. Ne5 Rfd8 17. Qb3 a5 18. a4 b4 19. Nxd7 Rxd7 20. Bb5 Rda7 21.
Rc6 Qd8 22. Rfc1 Nh5 23. Bc7 Qf8 24. Bb6 Rb7 25. Qc2 Rab8 26. Bc5 Qd8 27. Bd6
Ra8 28. Rc8 Rxc8 29. Qxc8 Bf6 30. Qxd8+ Bxd8 31. Rc8 Kg7 32. Rxd8 Nf6 33. Ra8
Ne4 34. Bc5 Rc7 35. g3 Nxc5 36. dxc5 Rxc5 37. Rxa5 Rc2 38. Bd3 Rxb2 39. Rb5 b3
40. Kf1 Ra2 41. Rxb3 Rxa4 42. Kg2 Ra2 43. Bb1 Ra4 44. Kf3 Rc4 45. Bd3 Rc5 46.
h4 h6 47. Rb7 Kf8 48. Bb5 Rc8 49. Kf4 Rc2 50. f3 Rc3 51. Rd7 e5+ 52. Kxe5 Rxe3+
53. Kf4 Re6 54. Rxd5 Rf6+ 55. Ke4 Re6+ 56. Kf4 Rf6+ 57. Ke3 Re6+ 58. Kf2 Ke7
59. Rd7+ Kf6 60. Bc4 Re7 61. Rxe7 Kxe7 62. Ke3 f6 63. Ke4 Kd6 64. Bf7 g5 65.
hxg5 hxg5 66. Kf5 Ke7 67. Bc4 Kf8 68. Kxf6 g4 69. f4 Ke8 70. Be6 Kf8 71. Bxg4
Ke8 72. Kg7 Ke7 73. f5 Ke8 74. f6 Kd8 75. f7 Kc7 76. f8=Q 1-0

[Event "Junior Online 4NCL Division 2"]
[Site "online"]
[Date "2020.04.16"]
[Round "1.76"]
[White "Ball, Charlie"]
[Black "Wong, Tristan"]
[Result "0-1"]
[WhiteElo "1540"]
[BlackElo "1705"]
[PlyCount "52"]
[EventDate "2020.04.16"]
[WhiteTeam "St Albans Early Knights 1"]
[BlackTeam "Warwickshire Bears A"]

1. e4 Nc6 2. Nf3 d6 3. d3 Nf6 4. Nbd2 g6 5. Be2 Bg7 6. h3 O-O 7. c3 e5 8. Qc2
d5 9. h4 dxe4 10. dxe4 Qd6 11. b4 Be6 12. a4 a6 13. Ba3 Qd7 14. b5 axb5 15.
Bxf8 Bxf8 16. Bxb5 Bc5 17. Nxe5 Qd6 18. Nxc6 bxc6 19. Bd3 Ng4 20. Rf1 Nh2 21.
Rh1 Qf4 22. Nf3 Nxf3+ 23. gxf3 Qxf3 24. Rf1 Bh3 25. Rg1 Rd8 26. Be2 Bxf2# 0-1

[Event "Junior Online 4NCL Division 2"]
[Site "online"]
[Date "2020.04.16"]
[Round "1.77"]
[White "Dicen, Elis Denele"]
[Black "Ball, Katie C"]
[Result "0-1"]
[WhiteElo "1697"]
[BlackElo "1525"]
[PlyCount "122"]
[EventDate "2020.04.16"]
[WhiteTeam "Warwickshire Bears A"]
[BlackTeam "St Albans Early Knights 1"]

1. e4 e6 2. d4 d5 3. exd5 exd5 4. Nf3 c6 5. Bd3 Bd6 6. O-O Ne7 7. Be3 Bf5 8.
Bxf5 Nxf5 9. Nbd2 O-O 10. Re1 Nd7 11. c3 Re8 12. Qc2 Qf6 13. Rad1 Re6 14. Nf1
Rae8 15. Qd3 Nh4 16. Nxh4 Qxh4 17. h3 Qf6 18. Qd2 Qf5 19. Qd3 Qf6 20. Re2 Bf4
21. Rde1 Bxe3 22. Nxe3 Qg5 23. Nf1 Qg6 24. Qf3 Rxe2 25. Rxe2 Rxe2 26. Qxe2 Qe6
27. Qxe6 fxe6 28. Ne3 Kf7 29. Kf1 e5 30. dxe5 Nxe5 31. Ke2 Ke6 32. f4 Nd7 33.
b3 Nc5 34. Kd2 Ne4+ 35. Kd3 c5 36. a3 Nf2+ 37. Ke2 Ne4 38. Kd3 Nf2+ 39. Kc2 d4
40. cxd4 cxd4 41. Ng4 Ne4 42. Kd3 Kd5 43. b4 b6 44. a4 a5 45. b5 Nc5+ 46. Kc2
Nxa4 47. Ne5 Kc5 48. Nd3+ Kxb5 49. Kb3 Nc5+ 50. Nxc5 Kxc5 51. Ka2 d3 52. Kb2
Kc4 53. Kc1 a4 54. Kd2 a3 55. g4 a2 56. f5 a1=Q 57. f6 Qxf6 58. g5 Qxg5+ 59.
Kd1 Qg2 60. h4 Qe2+ 61. Kc1 Qc2# 0-1

[Event "Junior Online 4NCL Division 2"]
[Site "online"]
[Date "2020.04.16"]
[Round "1.78"]
[White "Petcov, Andreas"]
[Black "Fellowes, Billy"]
[Result "0-1"]
[WhiteElo "1442"]
[BlackElo "1592"]
[PlyCount "38"]
[EventDate "2020.04.16"]
[WhiteTeam "St Albans Early Knights 1"]
[BlackTeam "Warwickshire Bears A"]

1. e4 Nc6 2. Nf3 d6 3. Nc3 Nf6 4. Bc4 Bg4 5. h3 Bh5 6. Be2 e5 7. d4 Bxf3 8.
Bxf3 exd4 9. Nd5 Be7 10. Nxe7 Qxe7 11. Bg5 d5 12. O-O dxe4 13. Bg4 O-O 14. c3
Rad8 15. cxd4 Nxd4 16. Qa4 h6 17. Be3 Nxg4 18. hxg4 Ne2+ 19. Kh2 Qh4# 0-1